<?xml version="1.0" encoding="UTF-8"?>
<record
    xmlns:xsi="http://www.w3.org/2001/XMLSchema-instance"
    xsi:schemaLocation="http://www.loc.gov/MARC21/slim http://www.loc.gov/standards/marcxml/schema/MARC21slim.xsd"
    xmlns="http://www.loc.gov/MARC21/slim">

  <leader>00738nam a22002177a 4500</leader>
  <controlfield tag="005">20131023172159.0</controlfield>
  <datafield tag="010" ind1=" " ind2=" ">
    <subfield code="a">B-495559-569</subfield>
  </datafield>
  <datafield tag="020" ind1=" " ind2=" ">
    <subfield code="a">9789350513354</subfield>
    <subfield code="c">798.00</subfield>
  </datafield>
  <datafield tag="035" ind1=" " ind2=" ">
    <subfield code="a">B-495559-569</subfield>
  </datafield>
  <datafield tag="037" ind1=" " ind2=" ">
    <subfield code="b">HPH/Ven</subfield>
    <subfield code="a">dpl</subfield>
  </datafield>
  <datafield tag="082" ind1=" " ind2=" ">
    <subfield code="a">658.1511</subfield>
  </datafield>
  <datafield tag="100" ind1=" " ind2=" ">
    <subfield code="a">Madegowda, J.</subfield>
  </datafield>
  <datafield tag="245" ind1=" " ind2=" ">
    <subfield code="a">Advanced management accounting /</subfield>
    <subfield code="c">by J. Madegowda</subfield>
  </datafield>
  <datafield tag="250" ind1=" " ind2=" ">
    <subfield code="a">2nd ed</subfield>
  </datafield>
  <datafield tag="260" ind1=" " ind2=" ">
    <subfield code="a">Mumbai</subfield>
    <subfield code="b">Himalaya Publishing House</subfield>
    <subfield code="c">2012</subfield>
  </datafield>
  <datafield tag="270" ind1=" " ind2=" ">
    <subfield code="a">Ramdoot, Dr. Bhalerao Marg, Girgaon</subfield>
    <subfield code="b">Mumbai</subfield>
    <subfield code="e">400004</subfield>
  </datafield>
  <datafield tag="300" ind1=" " ind2=" ">
    <subfield code="a">953p.</subfield>
    <subfield code="c">30cm(pbk)</subfield>
  </datafield>
  <datafield tag="500" ind1=" " ind2=" ">
    <subfield code="a">includes index and bibliographical references</subfield>
  </datafield>
  <datafield tag="942" ind1=" " ind2=" ">
    <subfield code="2">ddc</subfield>
    <subfield code="c">EN</subfield>
    <subfield code="k">MAD</subfield>
    <subfield code="h">658.1511</subfield>
  </datafield>
  <datafield tag="999" ind1=" " ind2=" ">
    <subfield code="c">79678</subfield>
    <subfield code="d">79678</subfield>
  </datafield>
  <datafield tag="952" ind1=" " ind2=" ">
    <subfield code="0">0</subfield>
    <subfield code="1">0</subfield>
    <subfield code="4">0</subfield>
    <subfield code="7">0</subfield>
    <subfield code="8">NFIC</subfield>
    <subfield code="a">L</subfield>
    <subfield code="b">L</subfield>
    <subfield code="d">2013-10-23</subfield>
    <subfield code="e">HPH/A443510/11.03.2013/170/09.03.2013/15.03.2013</subfield>
    <subfield code="g">798.00</subfield>
    <subfield code="l">0</subfield>
    <subfield code="o">658.1511</subfield>
    <subfield code="p">B-495559</subfield>
    <subfield code="r">2013-10-23 00:00:00</subfield>
    <subfield code="t">1</subfield>
    <subfield code="v">798.00</subfield>
    <subfield code="w">2013-10-23</subfield>
    <subfield code="y">EN</subfield>
  </datafield>
  <datafield tag="952" ind1=" " ind2=" ">
    <subfield code="0">0</subfield>
    <subfield code="1">0</subfield>
    <subfield code="4">0</subfield>
    <subfield code="7">0</subfield>
    <subfield code="8">NFIC</subfield>
    <subfield code="a">L</subfield>
    <subfield code="b">L</subfield>
    <subfield code="d">2013-10-23</subfield>
    <subfield code="e">HPH/A443510/11.03.2013/170/09.03.2013/15.03.2013</subfield>
    <subfield code="g">798.00</subfield>
    <subfield code="l">2</subfield>
    <subfield code="m">3</subfield>
    <subfield code="o">658.1511</subfield>
    <subfield code="p">B-495560</subfield>
    <subfield code="r">2025-11-22 00:00:00</subfield>
    <subfield code="s">2025-10-16</subfield>
    <subfield code="t">1</subfield>
    <subfield code="v">798.00</subfield>
    <subfield code="w">2013-10-23</subfield>
    <subfield code="y">EN</subfield>
  </datafield>
  <datafield tag="952" ind1=" " ind2=" ">
    <subfield code="0">0</subfield>
    <subfield code="1">0</subfield>
    <subfield code="4">0</subfield>
    <subfield code="7">0</subfield>
    <subfield code="8">NFIC</subfield>
    <subfield code="a">M</subfield>
    <subfield code="b">M</subfield>
    <subfield code="d">2013-10-23</subfield>
    <subfield code="e">HPH/A443510/11.03.2013/170/09.03.2013/15.03.2013</subfield>
    <subfield code="g">798.00</subfield>
    <subfield code="l">0</subfield>
    <subfield code="o">658.1511</subfield>
    <subfield code="p">B-495561</subfield>
    <subfield code="r">2013-10-23 00:00:00</subfield>
    <subfield code="t">2</subfield>
    <subfield code="v">798.00</subfield>
    <subfield code="y">EN</subfield>
  </datafield>
  <datafield tag="952" ind1=" " ind2=" ">
    <subfield code="0">0</subfield>
    <subfield code="1">0</subfield>
    <subfield code="4">0</subfield>
    <subfield code="7">0</subfield>
    <subfield code="8">NFIC</subfield>
    <subfield code="a">M</subfield>
    <subfield code="b">M</subfield>
    <subfield code="d">2013-10-23</subfield>
    <subfield code="e">HPH/A443510/11.03.2013/170/09.03.2013/15.03.2013</subfield>
    <subfield code="g">798.00</subfield>
    <subfield code="l">0</subfield>
    <subfield code="o">658.1511</subfield>
    <subfield code="p">B-495562</subfield>
    <subfield code="r">2013-10-23 00:00:00</subfield>
    <subfield code="t">2</subfield>
    <subfield code="v">798.00</subfield>
    <subfield code="y">EN</subfield>
  </datafield>
  <datafield tag="952" ind1=" " ind2=" ">
    <subfield code="0">0</subfield>
    <subfield code="1">0</subfield>
    <subfield code="4">0</subfield>
    <subfield code="7">0</subfield>
    <subfield code="8">NFIC</subfield>
    <subfield code="a">NPL</subfield>
    <subfield code="b">NPL</subfield>
    <subfield code="d">2013-10-23</subfield>
    <subfield code="e">HPH/A443510/11.03.2013/170/09.03.2013/15.03.2013</subfield>
    <subfield code="g">798.00</subfield>
    <subfield code="l">0</subfield>
    <subfield code="o">658.1511</subfield>
    <subfield code="p">B-495563</subfield>
    <subfield code="r">2013-10-23 00:00:00</subfield>
    <subfield code="t">1</subfield>
    <subfield code="v">798.00</subfield>
    <subfield code="y">EN</subfield>
  </datafield>
  <datafield tag="952" ind1=" " ind2=" ">
    <subfield code="0">0</subfield>
    <subfield code="1">0</subfield>
    <subfield code="4">0</subfield>
    <subfield code="7">0</subfield>
    <subfield code="8">NFIC</subfield>
    <subfield code="a">BL1</subfield>
    <subfield code="b">BL1</subfield>
    <subfield code="d">2013-10-23</subfield>
    <subfield code="e">HPH/A443510/11.03.2013/170/09.03.2013/15.03.2013</subfield>
    <subfield code="g">798.00</subfield>
    <subfield code="l">2</subfield>
    <subfield code="o">658.1511</subfield>
    <subfield code="p">B-495564</subfield>
    <subfield code="r">2023-12-29 00:00:00</subfield>
    <subfield code="s">2023-12-29</subfield>
    <subfield code="t">1</subfield>
    <subfield code="v">798.00</subfield>
    <subfield code="y">EN</subfield>
  </datafield>
  <datafield tag="952" ind1=" " ind2=" ">
    <subfield code="0">0</subfield>
    <subfield code="1">0</subfield>
    <subfield code="4">0</subfield>
    <subfield code="7">0</subfield>
    <subfield code="8">NFIC</subfield>
    <subfield code="a">JP</subfield>
    <subfield code="b">JP</subfield>
    <subfield code="d">2013-10-23</subfield>
    <subfield code="e">HPH/A443510/11.03.2013/170/09.03.2013/15.03.2013</subfield>
    <subfield code="g">798.00</subfield>
    <subfield code="l">13</subfield>
    <subfield code="m">5</subfield>
    <subfield code="o">658.1511</subfield>
    <subfield code="p">B-495565</subfield>
    <subfield code="r">2015-01-31 00:00:00</subfield>
    <subfield code="s">2015-01-17</subfield>
    <subfield code="t">1</subfield>
    <subfield code="v">798.00</subfield>
    <subfield code="y">EN</subfield>
  </datafield>
  <datafield tag="952" ind1=" " ind2=" ">
    <subfield code="0">0</subfield>
    <subfield code="1">0</subfield>
    <subfield code="4">0</subfield>
    <subfield code="7">0</subfield>
    <subfield code="8">NFIC</subfield>
    <subfield code="a">ZLS</subfield>
    <subfield code="b">ZLS</subfield>
    <subfield code="d">2013-10-23</subfield>
    <subfield code="e">HPH/A443510/11.03.2013/170/09.03.2013/15.03.2013</subfield>
    <subfield code="g">798.00</subfield>
    <subfield code="l">1</subfield>
    <subfield code="o">658.1511</subfield>
    <subfield code="p">B-495566</subfield>
    <subfield code="r">2023-12-28 00:00:00</subfield>
    <subfield code="s">2023-12-15</subfield>
    <subfield code="t">1</subfield>
    <subfield code="v">798.00</subfield>
    <subfield code="y">EN</subfield>
  </datafield>
  <datafield tag="952" ind1=" " ind2=" ">
    <subfield code="0">0</subfield>
    <subfield code="1">0</subfield>
    <subfield code="4">0</subfield>
    <subfield code="7">0</subfield>
    <subfield code="8">NFIC</subfield>
    <subfield code="a">VP</subfield>
    <subfield code="b">VP</subfield>
    <subfield code="d">2013-10-23</subfield>
    <subfield code="e">HPH/A443510/11.03.2013/170/09.03.2013/15.03.2013</subfield>
    <subfield code="g">798.00</subfield>
    <subfield code="l">3</subfield>
    <subfield code="m">1</subfield>
    <subfield code="o">658.1511</subfield>
    <subfield code="p">B-495567</subfield>
    <subfield code="r">2025-05-31 00:00:00</subfield>
    <subfield code="s">2025-05-06</subfield>
    <subfield code="t">1</subfield>
    <subfield code="v">798.00</subfield>
    <subfield code="y">EN</subfield>
  </datafield>
  <datafield tag="952" ind1=" " ind2=" ">
    <subfield code="0">0</subfield>
    <subfield code="1">0</subfield>
    <subfield code="4">0</subfield>
    <subfield code="7">0</subfield>
    <subfield code="8">NFIC</subfield>
    <subfield code="a">BL3</subfield>
    <subfield code="b">BL3</subfield>
    <subfield code="d">2013-10-23</subfield>
    <subfield code="e">HPH/A443510/11.03.2013/170/09.03.2013/15.03.2013</subfield>
    <subfield code="g">798.00</subfield>
    <subfield code="l">0</subfield>
    <subfield code="o">658.1511</subfield>
    <subfield code="p">B-495568</subfield>
    <subfield code="r">2013-10-23 00:00:00</subfield>
    <subfield code="t">1</subfield>
    <subfield code="v">798.00</subfield>
    <subfield code="y">EN</subfield>
  </datafield>
  <datafield tag="952" ind1=" " ind2=" ">
    <subfield code="0">0</subfield>
    <subfield code="1">0</subfield>
    <subfield code="4">0</subfield>
    <subfield code="7">0</subfield>
    <subfield code="8">NFIC</subfield>
    <subfield code="a">BL4</subfield>
    <subfield code="b">BL4</subfield>
    <subfield code="d">2013-10-23</subfield>
    <subfield code="e">HPH/A443510/11.03.2013/170/09.03.2013/15.03.2013</subfield>
    <subfield code="g">798.00</subfield>
    <subfield code="l">0</subfield>
    <subfield code="o">658.1511</subfield>
    <subfield code="p">B-495569</subfield>
    <subfield code="r">2013-10-23 00:00:00</subfield>
    <subfield code="t">1</subfield>
    <subfield code="v">798.00</subfield>
    <subfield code="y">EN</subfield>
  </datafield>
</record>
